<?xml version="1.0" encoding="UTF-8"?>
<record
    xmlns:xsi="http://www.w3.org/2001/XMLSchema-instance"
    xsi:schemaLocation="http://www.loc.gov/MARC21/slim http://www.loc.gov/standards/marcxml/schema/MARC21slim.xsd"
    xmlns="http://www.loc.gov/MARC21/slim">

  <leader>02075    a2200289   4500</leader>
  <controlfield tag="001">43861</controlfield>
  <controlfield tag="005">20260407155719.0</controlfield>
  <controlfield tag="008">260407a2012    arg                 spa d</controlfield>
  <controlfield tag="003">AR-UNSa-BCEJYS</controlfield>
  <datafield tag="040" ind1=" " ind2=" ">
    <subfield code="a">AR-UNSa-BCEJYS</subfield>
    <subfield code="b">spa</subfield>
    <subfield code="c">AR-UNSa-BCEJYS</subfield>
  </datafield>
  <datafield tag="080" ind1=" " ind2=" ">
    <subfield code="a">330.101.541</subfield>
    <subfield code="x">Macroeconom&#xED;a</subfield>
  </datafield>
  <datafield tag="245" ind1="1" ind2="0">
    <subfield code="a">Macroeconom&#xED;a</subfield>
  </datafield>
  <datafield tag="020" ind1=" " ind2=" ">
    <subfield code="a">978-84-8322-788-6</subfield>
  </datafield>
  <datafield tag="250" ind1=" " ind2=" ">
    <subfield code="a">5a. ed.</subfield>
  </datafield>
  <datafield tag="264" ind1=" " ind2="1">
    <subfield code="a">Madrid :</subfield>
    <subfield code="b">Pearson Educaci&#xF3;n</subfield>
    <subfield code="c">2012</subfield>
  </datafield>
  <datafield tag="300" ind1=" " ind2=" ">
    <subfield code="a">xxix, 650 p.</subfield>
    <subfield code="c">25 cm.</subfield>
  </datafield>
  <datafield tag="505" ind1=" " ind2=" ">
    <subfield code="a">1. Una gira por el mundo - 2. Una gira por el libro - 3. El mercado de bienes - 4. Los mercados financieros - 5. Los mercados de bienes y financieros: el modelo IS y LM - 6. El modelo IS-LM en una econom&#xED;a abierta - 7. El mercado de trabajo - 8. An&#xE1;lisis conjunto de todos los mercados: el modelo OA-DA - 9. La tasa natural de desempleo y la curva de Phillips - 10. La inflaci&#xF3;n, la actividad econ&#xF3;mica y el crecimiento de la cantidad nominal de dinero - 11. Los hechos del crecimiento - 12. El ahorro, la acumulaci&#xF3;n de capital y la producci&#xF3;n - 13. El progreso tecnol&#xF3;gico y el crecimiento - 14. Las expectativas: los instrumentos b&#xE1;sicos - 15. Los mercados financieros y las expectativas - 16. Las expectativas, el consumo y la inversi&#xF3;n - 17. Las expectativas, la producci&#xF3;n y la pol&#xED;tica macroecon&#xF3;mica - 18. La pol&#xED;tica econ&#xF3;mica en una econom&#xED;a abierta - 19. Los sistemas de tipos de cambio - 20. La crisis de 2007-2010 - 21. La elevada deuda - 22. La inflaci&#xF3;n alta - 23. La pol&#xED;tica macroecon&#xF3;mica y sus responsables: &#xBF;qu&#xE9; sabemos? - 24. Reglas y restricciones de la pol&#xED;tica monetaria y de la pol&#xED;tica fiscal - 25. La integraci&#xF3;n econ&#xF3;mica y monetaria europea - 26. El euro: los pormenores
  </subfield>
  </datafield>
  <datafield tag="041" ind1=" " ind2=" ">
    <subfield code="a">spa</subfield>
  </datafield>
  <datafield tag="942" ind1=" " ind2=" ">
    <subfield code="c">BK</subfield>
  </datafield>
  <datafield tag="590" ind1=" " ind2=" ">
    <subfield code="a">niveau_biblio:m niveau_hierar:0</subfield>
  </datafield>
  <datafield tag="100" ind1="1" ind2=" ">
    <subfield code="a">Blanchard, Olivier</subfield>
  </datafield>
  <datafield tag="700" ind1="1" ind2=" ">
    <subfield code="a">Amighini, Alessia</subfield>
  </datafield>
  <datafield tag="700" ind1="1" ind2=" ">
    <subfield code="a">Rabasco Esp&#xE1;riz, Esther</subfield>
  </datafield>
  <datafield tag="700" ind1="1" ind2=" ">
    <subfield code="a">Giavazzi, Francesco</subfield>
  </datafield>
  <datafield tag="700" ind1="1" ind2=" ">
    <subfield code="a">Toharia Cort&#xE9;s, Luis</subfield>
  </datafield>
  <datafield tag="856" ind1="4" ind2="1">
    <subfield code="u">https://biblioeco.unsa.edu.ar/pmb/images/libros/L126766.jpg</subfield>
    <subfield code="y">Imagen de portada</subfield>
    <subfield code="q">image/jpeg</subfield>
  </datafield>
  <datafield tag="999" ind1=" " ind2=" ">
    <subfield code="c">3729</subfield>
    <subfield code="d">3729</subfield>
  </datafield>
  <datafield tag="952" ind1=" " ind2=" ">
    <subfield code="0">0</subfield>
    <subfield code="1">0</subfield>
    <subfield code="4">0</subfield>
    <subfield code="7">0</subfield>
    <subfield code="a">BCEJYS</subfield>
    <subfield code="b">BCEJYS</subfield>
    <subfield code="c">16</subfield>
    <subfield code="d">2026-04-07</subfield>
    <subfield code="l">0</subfield>
    <subfield code="o">330.101.541 B638 5ed.</subfield>
    <subfield code="p">L126766</subfield>
    <subfield code="r">2026-04-07 15:57:19</subfield>
    <subfield code="w">2026-04-07</subfield>
    <subfield code="y">L</subfield>
    <subfield code="z">UN POCO H&#xDA;MEDO EN CANTO SUPERIOR</subfield>
  </datafield>
  <datafield tag="952" ind1=" " ind2=" ">
    <subfield code="0">0</subfield>
    <subfield code="1">0</subfield>
    <subfield code="4">0</subfield>
    <subfield code="7">0</subfield>
    <subfield code="a">BCEJYS</subfield>
    <subfield code="b">BCEJYS</subfield>
    <subfield code="c">16</subfield>
    <subfield code="d">2026-04-07</subfield>
    <subfield code="l">0</subfield>
    <subfield code="o">330.101.541 B638 5ed.</subfield>
    <subfield code="p">L126767</subfield>
    <subfield code="r">2026-04-07 15:57:19</subfield>
    <subfield code="w">2026-04-07</subfield>
    <subfield code="y">L</subfield>
    <subfield code="z">SUBRAYADO CON L&#xC1;PIZ - CANTO LATERAL RAYADO CON L&#xC1;PIZ MORADO - UN POCO H&#xDA;MEDO EN CANTO SUPERIOR</subfield>
  </datafield>
  <datafield tag="952" ind1=" " ind2=" ">
    <subfield code="0">0</subfield>
    <subfield code="1">0</subfield>
    <subfield code="4">0</subfield>
    <subfield code="7">0</subfield>
    <subfield code="a">BCEJYS</subfield>
    <subfield code="b">BCEJYS</subfield>
    <subfield code="c">16</subfield>
    <subfield code="d">2026-04-07</subfield>
    <subfield code="l">0</subfield>
    <subfield code="o">330.101.541 B638 5ed.</subfield>
    <subfield code="p">L126768</subfield>
    <subfield code="r">2026-04-07 15:57:19</subfield>
    <subfield code="w">2026-04-07</subfield>
    <subfield code="y">L</subfield>
    <subfield code="z">CANTO SUPERIOR E INFERIOR UN POCO H&#xDA;MEDOS</subfield>
  </datafield>
</record>
